| 000 | 01032nam a2200325 i 4500 | ||
|---|---|---|---|
| 001 | 30262 | ||
| 003 | ES-MaBCM | ||
| 005 | 20260407062531.0 | ||
| 008 | 050121s1994 esp 000 0 spa d | ||
| 017 | _aM.10361-1994 | ||
| 020 | _a84-7491-488-4 | ||
| 021 | _axx | ||
| 035 | _a(OCoLC)932291025 | ||
| 040 | _cES-MaBCM | ||
| 041 | 0 | _aspa | |
| 043 | _aesp | ||
| 080 | _a32(460) | ||
| 080 | _a35(460) | ||
| 245 | 0 | 0 |
_aCiencia política y de la administración _cRamón Cotarelo, director-coordinador |
| 260 |
_aMadrid : _bComplutense, _bCaja de Ahorros y Monte de Piedad _c1994 _bCaja de Ahorros y Monte de Piedad, |
||
| 300 |
_a343 p. _c24 cm |
||
| 440 | 0 |
_aLas ciencias sociales en España _998046 _v3 |
|
| 504 | _aBibliografía de Ciencia Política en España : p.215-343 | ||
| 650 | 2 | 7 |
_aCiencia política _957903 |
| 650 | 2 | 7 |
_aCiencia administrativa _957902 |
| 651 | 2 | 4 |
_aEspaña _9115342 |
| 710 | 2 |
_aCaja de Ahorros y Monte de Piedad de Madrid _950626 |
|
| 700 | 1 |
_910976 _aCotarelo, Ramón _d1943- |
|
| 942 | _cBK | ||
| 999 |
_c30262 _d30262 |
||